Principaux ministres sous la présidence de Mitterrand - Statistiques

Statistiques générales
  • Ce quiz a été pris 228 fois
  • Le résultat moyen est 26 sur 68
Statistiques - réponses
Membres du gouvernement Nom % Correct
Premier ministre (du 20 mars 1986 au 10 mai 1988) Jacques Chirac
98%
Premier ministre (du 15 mai 1991 au 2 avril 1992) Edith Cresson
97%
Premier ministre (du 17 juillet 1984 au 20 mars 1986) Laurent Fabius
95%
Premier ministre (du 10 mai 1988 au 15 mai 1991) Michel Rocard
93%
Premier ministre (du 2 avril 1992 au 29 mars 1993) Pierre Bérégovoy
93%
Ministre de l'Economie, des Finances et du Budget (du 19 juillet 1984 au 20 mars 1986) Pierre Bérégovoy
93%
Ministre de l'Economie, des Finances et du Budget (du 13 mai 1988 au 2 avril 1992) Pierre Bérégovoy
93%
Ministre de la Défense (du 9 mars 1993 au 29 mars 1993) Pierre Bérégovoy
93%
Ministre des Affaires sociales et de la Solidarité nationale (du 29 juin 1982 au 17 juillet 1984) Pierre Bérégovoy
93%
Premier ministre (du 21 mai 1981 au 17 juillet 1984) Pierre Mauroy
93%
Premier ministre (du 29 mars 1993 au 17 mai 1995) Edouard Balladur
90%
Ministre de l'Economie, des Finances et de la Privatisation (du 20 mars 1986 au 10 mai 1988) Edouard Balladur
90%
Ministre de l'Education nationale, de la Jeunesse et des Sports (du 12 mai 1988 au 2 avril 1992) Lionel Jospin
74%
Ministre de l'Education nationale et de la Culture (du 2 avril 1992 au 29 mars 1993) Jack Lang
72%
Ministre de la Justice, Garde des Sceaux (du 23 juin 1981 au 19 février 1986) Robert Badinter
66%
Ministre de l'Intérieur (du 20 mars 1986 au 10 mai 1988) Charles Pasqua
61%
Ministre de l'Intérieur et de l'Aménagement du territoire (du 30 mars 1993 au 11 mai 1995) Charles Pasqua
61%
Ministre des Affaires étrangères et européennes (du 30 mars 1993 au 11 mai 1995) Alain Juppé
56%
Ministre de l'Intérieur et de la Décentralisation (du 22 mai 1981 au 17 juillet 1984) Gaston Defferre
55%
Ministre de la Défense (du 12 mai 1988 au 29 janvier 1991) Jean-Pierre Chevènement
55%
Ministre de l'Education nationale (du 19 juillet 1984 au 20 mars 1986) Jean-Pierre Chevènement
55%
Ministre de l'Environnement (du 2 avril 1992 au 29 mars 1993) Ségolène Royal
55%
Ministre de l'Intérieur et de la Décentralisation (du 19 juillet 1984 au 20 mars 1986) Pierre Joxe
52%
Ministre de l'Intérieur (du 12 mai 1988 au 29 janvier 1991) Pierre Joxe
52%
Ministre de la Défense (du 29 janvier 1991 au 9 mars 1993) Pierre Joxe
52%
Ministre du Travail, de l'Emploi et de la Formation professionnelle (du 16 mai 1991 au 29 mars 1993) Martine Aubry
42%
Ministre des Affaires sociales, de la Santé et de la Ville (du 30 mars 1993 au 11 mai 1995) Simone Veil
39%
Ministre de l'Education nationale (du 30 mars 1993 au 11 mai 1995) François Bayrou
38%
Ministre de l'Economie et des Finances (du 22 mai 1981 au 19 juillet 1984) Jacques Delors
37%
Ministre des Relations extérieures (du 7 décembre 1984 au 20 mars 1986) Roland Dumas
35%
Ministre des Affaires étrangères (du 10 mai 1988 au 29 mars 1993) Roland Dumas
35%
Ministre de la Défense (du 22 mai 1981 au 20 septembre 1985) Charles Hernu
29%
Ministre de la Défense (du 20 mars 1993 au 11 mai 1995) François Léotard
29%
Ministre de l'Education nationale (du 22 mai 1981 au 17 juillet 1984) Alain Savary
28%
Ministre des Affaires sociales et de l'Emploi (du 20 mars 1986 au 10 mai 1988) Philippe Séguin
28%
Ministre de l'Economie et des Finances (du 4 avril 1992 au 29 mars 1993) Michel Sapin
21%
Ministre de l'Intérieur de la Sécurité publique (du 2 avril 1992 au 29 mars 1993) Paul Quilès
18%
Ministre de la Défense (du 20 septembre 1985 au 20 mars 1986) Paul Quilès
18%
Ministre de l'Environnement (du 16 mai 1991 au 2 avril 1992) Brice Lalonde
16%
Ministre des Affaires sociales et de la Solidarité nationale (du 19 juillet 1984 au 20 mars 1986) Georgina Dufoix
15%
Ministre de la Justice, Garde des Sceaux (du 30 mars 1993 au 11 mai 1995) Pierre Méhaignerie
15%
Ministre de l'Equipement, du Logement et de l'Aménagement du territoire (du 20 mars 1986 au 10 mai 1988) Pierre Méhaignerie
15%
Ministre de la Justice, Garde des Sceaux (du 19 février 1986 au 20 mars 1986) Michel Crépeau
14%
Ministre de l'Environnement (du 22 mai 1981 au 22 mars 1983) Michel Crépeau
14%
Ministre de la Justice, Garde des Sceaux (du 12 mai 1988 au 2 octobre 1990) Pierre Arpaillange
13%
Ministre de l'Education nationale (du 20 mars 1986 au 10 mai 1988) René Monory
13%
Ministre de la Justice, Garde des Sceaux (du 22 mai 1981 au 22 juin 1981) Maurice Faure
12%
Ministre de la Justice, Garde des Sceaux (du 20 mars 1986 au 10 mai 1988) Albin Chalandon
11%
Ministre de l'Environnement (du 19 juillet 1984 au 20 mars 1986) Huguette Bouchardeau
11%
Ministre de l'Environnement (du 30 mars 1993 au 11 mai 1995) Michel Barnier
11%
Ministre de l'Intérieur (du 29 janvier 1991 au 2 avril 1992) Philippe Marchand
11%
Ministre du Travail, de l'Emploi et de la Formation professionnelle (du 19 juillet 1984 au 19 mars 1986) Michel Delebarre
9%
Ministre des Affaires sociales et de l'Emploi (du 13 mai 1988 au 22 juin 1988) Michel Delebarre
9%
Ministre de la Défense (du 20 mars 1986 au 10 mai 1988) André Giraud
7%
Ministre de la Solidarité, de la Santé et de la Protection sociale (du 13 mai 1988 au 15 mai 1991) Claude Evin
7%
Ministre du Travail (du 22 mai 1981 au 29 juin 1982) Jean Auroux
7%
Ministre du Travail, de l'Emploi et de la Formation professionnelle (du 28 juin 1988 au 15 mai 1991) Jean-Pierre Soisson
7%
Ministre du Travail, de l'Emploi et de la Formation professionnelle (du 30 mars 1993 au 11 mai 1995) Michel Giraud
7%
Ministre des Relations extérieures (du 22 mai 1981 au 7 décembre 1984) Claude Cheysson
6%
Ministre de l'Economie (du 30 mars 1993 au 11 mai 1995) Edmond Alphandéry
5%
Ministre de la Justice, Garde des Sceaux (du 2 octobre 1990 au 2 avril 1992) Henri Nallet
5%
Ministre de la Santé (du 23 juin 1981 au 23 mars 1983) Jack Ralite
5%
Ministre des Affaires étrangères (du 20 mars 1986 au 10 mai 1988) Jean-Bernard Raimond
5%
Ministre de la Justice, Garde des Sceaux (du 2 avril 1992 au 29 mars 1993) Michel Vauzelle
5%
Ministre de la Santé (du 22 mai 1981 au 22 juin 1981) Edmond Hervé
4%
Ministre des Affaires sociales et de l'Intégration (du 17 mai 1991 au 2 avril 1992) Jean-Louis Bianco
4%
Ministre de la Solidarité nationale (du 22 mai 1981 au 29 juin 1982) Nicole Questiaux
4%
Ministre des Affaires sociales et de l'Intégration (du 2 avril 1992 au 29 mars 1993) René Teulade
3%
Aucun quiz correspondant
Distribution des résultats
% des personnes avec chaque résultat
Percentile par nombre de réponses
Votre historique - résultats
Vous n’avez pas pris ce quiz